[Event "SRB-chT3 East CS"]
[Site "Kladovo"]
[Date "2016.10.15"]
[Round "10.28"]
[White "Zivkovic, Nikola S"]
[Black "Jovanovic, Boban"]
[Result "1/2-1/2"]
[WhiteElo "1636"]
[BlackElo "2145"]
[PlyCount "93"]
[EventDate "2016.09.04"]
[EventType "team-tourn"]
[EventRounds "11"]
[EventCountry "SRB"]
[SourceTitle "EXT 2021"]
[Source "ChessBase"]
[SourceDate "2020.10.23"]
[SourceVersion "1"]
[SourceVersionDate "2020.10.23"]
[SourceQuality "1"]

1. c4 c6 2. Nc3 d5 3. d4 Nf6 4. g3 Bf5 5. Bg2 e6 6. Nf3 Nbd7 7. cxd5 exd5 8. 0-0 h6 9. Bf4 Be7 10. Rc1 g5 11. Be3 Bd6 12. a3 Qe7 13. Re1 a5 14. Kh1 Ng4 15. Qd2 Nxe3 16. Qxe3 Qxe3 17. fxe3 0-0 18. Nd2 Rfe8 19. e4 dxe4 20. Ndxe4 Bf8 21. Rf1 Bg6 22. Rcd1 f5 23. Nf2 Nf6 24. Rfe1 Rad8 25. e4 fxe4 26. Nfxe4 Nxe4 27. Bxe4 Bxe4+ 28. Rxe4 Rxe4 29. Nxe4 Bg7 30. Nc5 Rxd4 31. Rxd4 Bxd4 32. Nxb7 a4 33. Na5 Bxb2 34. Nc4 Bc1 35. Kg2 Kf7 36. Kf3 Ke6 37. Ke4 g4 38. Nb6 Bxa3 39. Nxa4 c5 40. Kf4 c4 41. Kxg4 Bb4 42. Kh5 Bd2 43. h4 Kd6 44. g4 Kc6 45. g5 hxg5 46. hxg5 c3 47. Nxc3 1/2-1/2

[Event "SRB Central-chT qual"]
[Site "Nis"]
[Date "2014.10.04"]
[Round "5"]
[White "Jovanovic, Boban"]
[Black "Bozilov, Dragan"]
[Result "1/2-1/2"]
[WhiteElo "2142"]
[BlackElo "1954"]
[PlyCount "75"]
[EventDate "2014.10.02"]
[EventType "team-tourn"]
[EventRounds "7"]
[EventCountry "SRB"]
[SourceTitle "CBM 163 Extra"]
[Source "ChessBase"]
[SourceDate "2014.12.23"]
[SourceVersion "1"]
[SourceVersionDate "2014.12.23"]
[SourceQuality "1"]

1. Nf3 d5 2. d4 Nf6 3. c4 c6 4. e3 e6 5. Nc3 Nbd7 6. Bd3 Bd6 7. 0-0 0-0 8. cxd5 exd5 9. h3 Re8 10. Qc2 Nf8 11. e4 dxe4 12. Nxe4 Nxe4 13. Bxe4 Qe7 14. Bd3 h6 15. Bd2 Qf6 16. Be4 Ne6 17. Bc3 Ng5 18. Nxg5 Qxg5 19. Bd2 Qh4 20. Rae1 Be6 21. b3 Rad8 22. f4 Bc7 23. Be3 Bb6 24. Qc3 Bc8 25. Bf3 Rxe3 26. Qxe3 Bxd4 27. Qxd4 Rxd4 28. Re8+ Kh7 29. Rxc8 Qxf4 30. Re8 f5 31. Bh5 Qg5 32. Bf3 Rd2 33. Rfe1 Rd3 34. Rf1 Re3 35. Rf8 Re5 36. Rf7 Re7 37. Rf8 Qe3+ 38. Kh1 1/2-1/2

[Event "SRB Central-chT qual"]
[Site "Nis"]
[Date "2014.10.02"]
[Round "1"]
[White "Stoiljkovic, Zivojin"]
[Black "Jovanovic, Boban"]
[Result "1/2-1/2"]
[WhiteElo "1972"]
[BlackElo "2142"]
[PlyCount "90"]
[EventDate "2014.10.02"]
[EventType "team-tourn"]
[EventRounds "7"]
[EventCountry "SRB"]
[SourceTitle "CBM 163 Extra"]
[Source "ChessBase"]
[SourceDate "2014.12.23"]
[SourceVersion "1"]
[SourceVersionDate "2014.12.23"]
[SourceQuality "1"]

1. e4 c6 2. d4 d5 3. e5 g6 4. Nf3 Bg4 5. Be2 Bg7 6. h3 Bxf3 7. Bxf3 e6 8. 0-0 Nd7 9. Nc3 Ne7 10. Ne2 Nf5 11. Ng3 Nxg3 12. fxg3 Qb6 13. Kh1 0-0 14. g4 f6 15. exf6 Bxf6 16. c3 e5 17. Bh6 Bg7 18. Bxg7 Kxg7 19. Qd2 e4 20. Be2 h6 21. a4 Qc7 22. Qe3 Rxf1+ 23. Rxf1 Rf8 24. Rxf8 Nxf8 25. g3 g5 26. Kg2 Qf7 27. c4 Ne6 28. cxd5 cxd5 29. Bd1 Kg6 30. Bb3 Nxd4 31. Qxd4 Qf3+ 32. Kh2 Qxb3 33. Qe5 Qc2+ 34. Kg1 Qc6 35. h4 Qd7 36. h5+ Kf7 37. Kf2 Qe6 38. Qc7+ Qe7 39. Qc8 Qf6+ 40. Ke1 e3 41. Qxb7+ Ke6 42. Qc6+ Ke5 43. Qc7+ Ke4 44. Qc2+ Ke5 45. Qc7+ Ke4 1/2-1/2

[Event "SRB-chT2 South"]
[Site "Nis"]
[Date "2013.10.18"]
[Round "3.1"]
[White "Petkovic, Dragoslav"]
[Black "Jovanovic, Boban"]
[Result "1-0"]
[WhiteElo "2183"]
[BlackElo "2169"]
[PlyCount "155"]
[EventDate "2013.10.17"]
[EventType "team-swiss"]
[EventRounds "8"]
[EventCountry "SRB"]
[SourceTitle "EXT 2014"]
[Source "ChessBase"]
[SourceDate "2013.11.20"]
[SourceVersion "1"]
[SourceVersionDate "2013.11.20"]
[SourceQuality "1"]

1. e4 c6 2. d3 d5 3. Nd2 g6 4. Ngf3 Bg7 5. Be2 Bg4 6. 0-0 Bxf3 7. Bxf3 d4 8. g3 Nd7 9. Bg2 h5 10. a4 h4 11. Nc4 hxg3 12. hxg3 b5 13. axb5 cxb5 14. Na5 e5 15. f4 Qb6 16. Bd2 Ngf6 17. Bb4 Rc8 18. Nb3 Nh5 19. Bh3 Qc7 20. fxe5 Bxe5 21. Qf3 Rh7 22. Ra6 Nxg3 23. Rxg6 f5 24. Re6+ Kf7 25. Re7+ Kg8 26. Rxh7 Kxh7 27. Bxf5+ Kh8 28. Rf2 Rg8 29. Rh2+ Nh5+ 30. Kf1 Rg1+ 31. Kxg1 Bxh2+ 32. Kg2 Ndf6 33. Nxd4 Be5 34. Bc3 Qg7+ 35. Kf1 Qg5 36. Ne2 Bxc3 37. bxc3 a5 38. c4 bxc4 39. dxc4 a4 40. e5 Ng8 41. e6 a3 42. Qc3+ Nhf6 43. Bd3 Qc5 44. Nf4 a2 45. Qa1 Qe3 46. Ng6+ Kg7 47. Qxa2 Qxe6 48. Qa8 Nd7 49. c5 Qf7+ 50. Ke2 Nxc5 51. Qg2 Nxd3 52. Ne5+ Kf8 53. Nxd3 Qe6+ 54. Kd1 Nf6 55. Kc1 Ke7 56. Qg7+ Qf7 57. Qg5 Qd5 58. Qh4 Qe4 59. Qg5 Qd5 60. Qg7+ Qf7 61. Qg3 Qd5 62. Qc7+ Qd7 63. Qb8 Qd6 64. Qh8 Qe6 65. Qh6 Nd5 66. Qg5+ Kd6 67. Qd8+ Qd7 68. Qh8 Qe7 69. Qh2+ Kc6 70. Qg2 Qe3+ 71. Kb1 Qb6+ 72. Nb2 Kc5 73. c4 Ne3 74. Qg5+ Kd4 75. Qf4+ Kc3 76. Qe5+ Kb4 77. Qe7+ Qc5 78. Nd3+ 1-0

[Event "SRB-chT2 East"]
[Site "Pozarevac"]
[Date "2009.09.20"]
[Round "3.3"]
[White "Markovic, Slavisa"]
[Black "Jovanovic, Boban"]
[Result "1/2-1/2"]
[WhiteElo "1813"]
[BlackElo "2225"]
[PlyCount "93"]
[EventDate "2009.09.06"]
[EventType "team"]
[EventRounds "11"]
[EventCountry "SRB"]
[SourceTitle "EXT 2012"]
[Source "ChessBase"]
[SourceDate "2011.11.24"]
[SourceVersion "1"]
[SourceVersionDate "2011.11.24"]
[SourceQuality "1"]

1. e4 c6 2. d4 d5 3. e5 c5 4. c3 Nc6 5. Nf3 Bg4 6. Be2 e6 7. 0-0 Bxf3 8. Bxf3 cxd4 9. cxd4 Qb6 10. Be3 Qxb2 11. Nd2 Rb8 12. Nb3 Qa3 13. Qd3 g6 14. Be2 h5 15. f4 Nh6 16. Rfc1 Nf5 17. Bf2 Be7 18. h3 h4 19. Kh2 0-0 20. Bg4 Rfc8 21. Bxf5 gxf5 22. Qf3 Nb4 23. Qh5 Nd3 24. Bxh4 Nxf4 25. Bxe7 Qxe7 26. Qf3 Ng6 27. Nc5 b6 28. Na6 Ra8 29. g3 Qb7 30. Nb4 a5 31. Nd3 Qa6 32. h4 Rxc1 33. Rxc1 Rc8 34. h5 Rxc1 35. Nxc1 Ne7 36. Qf4 Kh7 37. Qg5 Ng8 38. Kg2 Qc4 39. Qd2 Nh6 40. Ne2 Ng4 41. Nf4 a4 42. Nh3 b5 43. Ng5+ Kg7 44. h6+ Nxh6 45. Nxe6+ fxe6 46. Qg5+ Kh7 47. Qe7+ 1/2-1/2